000 00807nam a22002177a 4500
999 _c4888
_d4888
003 AR-CdUCM
008 190311b ||||| |||| 00| 0 spa d
040 _aMUNICIPALIDAD PROVINCIAL DEL CUSCO
_cBIBLIOTECA MUNICIPAL DEL CUSCO
082 _23 ed.
_a379.2 /
_bH39
100 _aHenriquez Ureña, Camila
_915033
245 _aInvitación a la Lectura :
_bnotas sobre apreciación literaria /
260 _aLa Habana :
_bPueblo y Educación,
_c1975.
300 _a180 páginas;
_c19 cm.
500 _aDonación de la familia Nieto
505 _aContenido: El arte literario -- el arte de leer -- La lectura de la poesía -- El lector ante la poesía -- La novela ...
650 _aTeatro
_9173
650 _aEnsayo
_9274
650 _aSelección de lecturas
_915034
942 _2ddc
_cLIBROS
945 _araen